Estats d'Estats Units - Statistics

General Stats
  • This quiz has been taken 60 times
  • The average score is 38 of 50
Answers on the Map
Answers color-coded by a green-red scale on the quiz's map according to % correct below.
 
Answer Stats
Estat % Correct
Alaska
100%
Califòrnia
100%
Florida
100%
Nova York
100%
Texas
100%
Nova Jersey
93%
Washington
93%
Hawaii
87%
Utah
87%
Alabama
80%
Arizona
80%
Colorado
80%
Connecticut
80%
Dakota del Nord
80%
Dakota del Sud
80%
Idaho
80%
Maine
80%
Massachusetts
80%
Nevada
80%
Nou Mèxic
80%
Ohio
80%
Rhode Island
80%
Virgínia
80%
Wisconsin
80%
Arkansas
73%
Carolina del Nord
73%
Carolina del Sud
73%
Illinois
73%
Indiana
73%
Minnesota
73%
Mississippi
73%
Montana
73%
Nebraska
73%
Pennsilvània
73%
Tennessee
73%
Vermont
73%
Wyoming
73%
Geòrgia
67%
Kansas
67%
Louisiana
67%
Oklahoma
67%
Oregon
67%
Delaware
60%
Kentucky
60%
Maryland
60%
Nou Hampshire
60%
Michigan
53%
Missouri
53%
West Virginia
53%
Iowa
47%
No matching quizzes found
Score Distribution
Percent of People with Each Score
Percentile by Number Answered
Your Score History
You have not taken this quiz